000 00501nam a2200205Ia 4500
003 GCL
008 140319s9999 xx 000 0 eng d
040 _aGCL /
_cGCL
082 0 4 _a843
_bK Q
100 1 _aKADARE, ISMAIL
245 1 0 _aQUI A RAMENE DORUNTINE ? /
_cKADARE, ISMAIL
700 1 _aVRIONI, JUSUF
260 _a[S.N] :
_bFAYARD ،
_c1986
300 _a179
650 0 4 _aLITERATURE
650 0 4 _aFICTION
650 0 4 _aFRENCH FICTION
650 0 4 _aFRENCH LITERATURE
942 _2ddc
_cBK
999 _c25495
_d25495